000
00312nam a22001217a 4500
008
131218b xxu||||| |||| 00| 0 eng d
050
_a
SPC PR9369.3.S8O5
100
_a
Stein, Sylvester
_9
5898
245
_a
Old Letch
260
_a
London
_b
Faber & Faber
_c
1959
300
_a
254p.
_c
19cm
942
_2
lcc
_c
MONOGRAPH
999
_c
119334
_d
119334